Sports Quiz

Random Sports or NHL Quiz

NHL Alternate Logos Quiz Stats

 Plays Quiz not verified by Sporcle

Challenge
Share
Tweet
Score 0/30 Timer 05:00
0 Plays Today
% Correct
Boston Bruins
94.1%
Anaheim Ducks
93.3%
Arizona Coyotes
92.3%
Pittsburgh Penguins
89.1%
San Jose Sharks
89.1%
Los Angeles Kings
88.9%
St Louis Blues
88.9%
Buffalo Sabres
87.5%
Philadelphia Flyers
87%
New Jersey Devils
86.8%
Tampa Bay Lightning
86.8%
New York Rangers
86.6%
Washington Capitals
86.4%
Winnipeg Jets
86.4%
Calgary Flames
86.3%
% Correct
Detroit Red Wings
86%
Ottawa Senators
85.2%
Minnesota Wild
85%
Chicago Blackhawks
84.5%
Vancouver Canucks
83.5%
Florida Panthers
83.3%
Nashville Predators
83.2%
Toronto Maple Leafs
82.4%
Dallas Stars
81.9%
Colorado Avalanche
81.4%
Montreal Canadiens
81.4%
New York Islanders
81.2%
Carolina Hurricanes
80.7%
Columbus Blue Jackets
78.4%
Edmonton Oilers
76.6%

You're not logged in!

Compare scores with friends on all Sporcle quizzes.
Join for Free
OR
Log In

You Might Also Like...

Show Comments

Extras

Created Nov 29, 2015SourceReportNominate
Tags:NHL Quiz, alternate

Top Quizzes Today


Score Distribution

Your Account Isn't Verified!

In order to create a playlist on Sporcle, you need to verify the email address you used during registration. Go to your Sporcle Settings to finish the process.

Report this User

Report this user for behavior that violates our Community Guidelines.

Details: